000 00402nmm a2200145Ia 4500
008 251105s9999||||xx |||||||||||||||||und||
041 _aspa
100 _aRamos, Malenka
245 0 _aLo que habita dentro
264 _a[Madrid, España] :
_bEdiciones B,
_c2017
300 _a552 páginas
650 _aThriller & Suspense
856 _uhttps://public.digitaliapublishing.com/a/54119
942 _cCF
999 _c106505
_d106505